| 000 | 02459cam a2200337 a 4500 | ||
|---|---|---|---|
| 003 | EG-GiCUC | ||
| 005 | 20250223032855.0 | ||
| 008 | 211130s2021 ua k f m 000 0 ara d | ||
| 040 |
_aEG-GiCUC _bara _cEG-GiCUC |
||
| 041 | 0 | _aara | |
| 049 | _aايداع | ||
| 097 | _aماجستير | ||
| 099 | _aCai01.14.02.M.Sc.2021.نر.ت | ||
| 100 | 0 | _aنرمين شعبان حسن أبايزيد | |
| 245 | 1 | 0 |
_aتأصيل العناصر الزخرفية الوافدة و تطورها على شواهد القبور القبطية حتى نهاية القرن الخامس الميلادى / _cنرمين شعبان حسن أبايزيد ؛ إشراف حسين محمد ربيع : هند صلاح الدين صميدة |
| 246 | 1 | 5 | _aThe origins of the foreign decorative elements and its development on coptic funerary stelae until the end of fifth century AD |
| 260 |
_aالقاهرة : _bنرمين شعبان حسن أبايزيد : _c2021 |
||
| 300 |
_a227ص : _bأشكال ؛ _c30سم |
||
| 502 | _aاطروحة (ماجستير) - جامعة القاهرة - كلية الأثار - قسم الآثار المصرية | ||
| 520 | _aتقديم دراسة فنية تحليلية للعناصر الزخرفية الوافدة على شواهد القبور القبطية: حتى القرن الخامس الميلادى من خلال تتبع مراحل ظروف نشأتها الإقليمية فى حوض البحر المتوسط و تطورها فى تلك الثقافات قبل ظهور المسيحية. بالإضافة إلى تتبع تطور تلك الوحدات الزخرفية فى مصر: و التغيرات التى طرأت عليها سواء من حيث الشكل أو المفهوم: و تأثرها بثقافة الفنان القبطي وبظروف مجتمعه التي تحيط به. و كيفية توظيف تلك العناصر و الوحدات الزخرفية كوسيلة للتأريخ: من خلال دراسة و تحليل الوحدات الزخرفية لتلك الشواهد و تفاصيلها الدقيقة | ||
| 530 | _aصدر ايضا كقرص مدمج | ||
| 653 | 4 | _aالوافدة | |
| 653 | 4 | _aشواهد القبور | |
| 653 | 4 | _aقبط | |
| 700 | 0 |
_aحسين محمد ربيع : _eمشرف |
|
| 700 | 0 |
_aهند صلاح الدين صميدة : _eمشرف |
|
| 856 | _uhttp://172.23.153.220/th.pdf | ||
| 905 |
_aNazla _eRevisor |
||
| 905 |
_aSamia _eCataloger |
||
| 942 |
_2ddc _cTH |
||
| 999 |
_c83381 _d83381 |
||